Tilastot visalle Suriname-visa

Klikkaa tästä pelataksesi tätä visaa!

Yleistilastot

  • Tätä visaa on pelattu 174 kertaa
  • Keskiarvotulos 10 / 16

Vastaustilastot

VihjeVastaus% Oikein
NaapurimaatRanska
98%
NaapurimaatBrasilia
97%
NaapurimaatGuyana
94%
Surinamen pinta-alasta on suurempi osa _____ kuin missään muussa maassaMetsää
82%
Valtio, jonka siirtomaa Suriname oli vuoteen 1975 astiAlankomaat
79%
Surinamen tärkein vientituote nykyään (metalli)Kulta
75%
ValuuttaDollari
74%
Virallinen kieliHollanti
74%
PääkaupunkiParamaribo
71%
27% surinamelaisista on tästä maasta tulleiden jälkeläisiäIntia
59%
Joki, jonka varrella yllä oleva sijaitseeSuriname
52%
Surinamen tärkein vientituote siirtomaa-aikaanSokeri
50%
Kaseko on surinamelainen...Musiikkityyli
33%
Kirjaimella M alkava käsite, joka tarkoittaa 1700-luvun aikana plantaaseilta karanneiden afrikkalaisorjien jälkeläisiäMaroonit
28%
Surinamen "lingua franca"{Srana}ntongo
26%
Suuri tekojärvi, jossa oleva pato tuottaa noin puolet maan energiastaBrokopondo
23%

Tulosjakauma

Persentiili vastausten määrän mukaan

Jokaisen tuloksen saaneiden osuus

Tuloshistoriasi

Et ole pelannut tätä visaa